LEADER 03623nam 2200637 a 450 001 9910456101903321 005 20200520144314.0 010 $a1-282-75834-9 010 $a9786612758348 010 $a981-4277-68-1 035 $a(CKB)2490000000001764 035 $a(DLC)2010287448 035 $a(StDuBDS)AH24686378 035 $a(SSID)ssj0000436143 035 $a(PQKBManifestationID)11302517 035 $a(PQKBTitleCode)TC0000436143 035 $a(PQKBWorkID)10426757 035 $a(PQKB)11175475 035 $a(MiAaPQ)EBC1679812 035 $a(WSP)00000666 035 $a(Au-PeEL)EBL1679812 035 $a(CaPaEBR)ebr10422495 035 $a(CaONFJC)MIL275834 035 $a(OCoLC)630166225 035 $a(EXLCZ)992490000000001764 100 $a20100512d2010 uy 0 101 0 $aeng 135 $aur||||||||||| 181 $ctxt 182 $cc 183 $acr 200 10$aEuropean women in mathematics$b[electronic resource] $eproceedings of the 13th General Meeting, University of Cambridge, UK, 3-6 September 2007 /$fCatherine Hobbs, Sylvie Paycha, editors 210 $aHackensack, NJ $cWorld Scientific$dc2010 215 $a1 online resource (x, 199 p. ) $cill 300 $aSelected conference papers. 311 $a981-4277-67-3 320 $aIncludes bibliographical references. 327 $aDeformation quantisation and connections / S. Gutt -- What is symplectic geometry? / D. McDuff -- Regular permutation groups and Cayley graphs / C. E. Praeger -- Arithmetic of elliptic curves through the ages / R. Sujatha -- Tricritical points and liquid-solid critical lines / A. Aitta -- Elastic waves in rods of rectangular cross section / A. A. Bondarenko -- Natural extensions for the golden mean / K. Dajani & C. Kalle -- An equivariant tietze extension theorem for proper actions of locally compact groups / A. Feragen -- On uniform tangential approximation by lacunary power series / G. Harutyunyan -- Cyclic division algebras in apace-time coding : a brief overview / C. Hollanti -- And what became of the women? / C. Series -- Three great Girton mathematicians / R. M. Williams -- What about the women now? / R. M. Williams -- Mathematics in society (taking into account gender-aspects) - a one-semester course (BSc) / C. Scharlach. 330 $aThis volume offers a unique collection of outstanding contributions from renowned women mathematicians who met in Cambridge for a conference under the auspices of European Women in Mathematics (EWM). These contributions serve as excellent surveys of their subject areas, including symplectic topology, combinatorics and number theory. The volume moreover sheds light on prominent women mathematicians who worked in Cambridge in the late 19th and early 20th centuries by providing an insightful historical introduction at the beginning of the volume. The volume concludes with short contributions from women mathematicians from across Europe working in various areas of mathematics ranging from group theory to magnetic fields. 606 $aWomen mathematicians$zEurope$vCongresses 606 $aWomen in mathematics$zEurope$vCongresses 606 $aMathematics$vCongresses 608 $aElectronic books. 615 0$aWomen mathematicians 615 0$aWomen in mathematics 615 0$aMathematics 676 $a510.82 701 $aHobbs$b Catherine$0877089 701 $aPaycha$b Sylvie$0521630 801 0$bMiAaPQ 801 1$bMiAaPQ 801 2$bMiAaPQ 906 $aBOOK 912 $a9910456101903321 996 $aEuropean women in mathematics$91958441 997 $aUNINA LEADER 01107cam2 22002413 450 001 SOBE00021905 005 20231129085908.0 100 $a20120126d1996 |||||ita|0103 ba 101 $aita 102 $aIT 200 0 $a12: [Rap-Ris] 210 $aTorino$cUTET$d1996 215 $aXVIII, 584 p.$d26 cm 461 1$1001SON0002568$12001 $aDigesto delle discipline privatistiche : sezione commerciale : diritto commerciale, diritto industriale, diritto tributario, diritto del lavoro, diritto sindacale, diritto della sicurezza sociale, diritto della navigazione, diritto internazionale privato, diritto comunitario delle imprese, diritto comparato dell'economia, diritto commerciale uniforme e transnazionale 801 0$aIT$bUNISOB$c20231129$gRICA 850 $aUNISOB 852 $aUNISOB$j340|Dig$m95645 912 $aSOBE00021905 940 $aM 102 Monografia moderna SBN 941 $aW 957 $xCons$a340|Dig$b000007$i-12$gCON$d95645$racquisto$1catenacci$2UNISOB$3UNISOB$420120126113345.0$520231129085908.0$6Spinosa 996 $a??????????????$93411737 997 $aUNISOB